000 00590nam a2200241Ia 4500
003 OSt
005 20220924150411.0
006 a|||||r|||| 00| 0
007 ta
008 220923b |||||||| |||| 00| 0 tel d
020 _c1.00
024 _a332968
037 _cTextual
040 _aARTS
_cARTS
_btel
041 _2tel
_atel
082 _a035,1J302:g, K3
100 _aDhurjati Au.
_9222034
245 0 _aKalahasti mahima
260 _c1963
650 _aTELUGU POETRY
942 _h035,1J302:g, K3
_cTEXL
_2CC
999 _c463172
_d463172